The White Horse of Zennor (Запис № 17978)

000 -Маркер запису
Контрольне поле сталої довжини 02164nam a22002417a 4500
003 - Належність контрольного номера
Контрольне поле Uzh_bibl
008 - Кодовані дані
Контрольне поле сталої довжини 260525b |||||||| |||| 00| 0 ukr d
020 ## - Індекс ISBN
ISBN 978-1-4052-5675-9
Ціна 100.00
040 ## - Джерело каталогіз.
Код мови каталог. укр.
041 ## - Код мови видання
Код мови оригіналу англійська
Код мови тексту англійська
080 ## - Індекс УДК
Індекс УДК 821(410)
090 ## - Шифри
Поличний індекс 821(410)
Авторський знак М 83
100 ## - Автор
Автор Morpurgo, Michael
245 ## - Назва
Назва The White Horse of Zennor
Фізичний носій Text
260 ## - Вихідні дані
Місце видання London
Видавництво Egmont UK Limited
Дата видання 2011
300 ## - Фізичний опис
Обсяг 150 s.
520 ## - Анотація
Анотація A thrilling collection of myths, legends and ghost stories from War Horse author and former Children's Laureate Michael Morpurgo.<br/><br/>A thrilling collection of myths, legends and ghost stories from War Horse author and Britain’s best-loved storyteller Michael Morpurgo.<br/><br/>Since the beginning of time, strange and mysterious things have happened here … At the furthest edge of Britain, where the sea gently washes over the land and myths brush against reality, lies Zennor.<br/><br/>Set in a church town where men become beats and ghosts roam freely, these are haunting and unforgettable tales where magic lies around every corner.Захоплююча збірка міфів, легенд і історій про привидів від автора «Бойового коня» та найулюбленішого британського оповідача Майкла Морпурго.<br/><br/>З початку часів тут відбувалися дивні й загадкові речі ... На найвіддаленішому краю Британії, де море ніжно омиває землю, а міфи торкаються реальності, лежить Зеннор.<br/><br/>Дія відбувається в церковному містечку, де люди стають звірами, а привиди вільно блукають — це моторошні та незабутні історії, де магія чекає за кожним кутом.
521 ## - Примітка про цільове призначення
Примітка про цільове призначення Для підлітків
525 ## - Примітка про додаток
Примітка про додаток Для старшого шкільного віку
546 ## - Примітка про мову
Примітка про мову укр.
650 ## - Тематичні рубрики
Основна рубрика Літературно-художне видання
942 ## - ADDED ENTRY ELEMENTS (KOHA)
Джерело класифікації чи схема поличного розташування
Koha item type Книги
Фонди
Статус вилучення Статус втрати/відсутності Джерело класифікації чи схема поличного розташування Статус пошкодження Тип обігу (не для випозичання) Постійне розташування Поточне розташування Дата надходження Джерело надходження (постачальник) Інвентарний номер Total Checkouts Повний (примірниковий) шифр зберігання Штрих-код Date last seen Дата, для якої чинна ціна заміни Тип одиниці (рівень примірника)
          Бібліотека-філія № 1 для дітей Бібліотека-філія № 1 для дітей 23/04/2026 Подаровані 80867   821(410) 19440 27/05/2026 27/05/2026 Книги

Працює на АБІС Коха